Normal view MARC view
  • WIRELESS COMMUNICATIONS.OPTICAL COMMUNICATIONS.SIGNAL PROCESSING.MATLAB.SIGNAL AND SIGNALING.FREE SPACE OPTICAL INTERCONNECTS

Entry Topical Term

Number of records used in: 1

001 - CONTROL NUMBER

  • control field: 68909

003 - CONTROL NUMBER IDENTIFIER

  • control field: NUST

005 - DATE AND TIME OF LATEST TRANSACTION

  • control field: 20210628204135.0

008 - FIXED-LENGTH DATA ELEMENTS

  • fixed length control field: 210628|| aca||aabn | a|a d

040 ## - CATALOGING SOURCE

  • Original cataloging agency: NUST
  • Transcribing agency: NUST

150 ## - HEADING--TOPICAL TERM

  • Topical term or geographic name entry element: WIRELESS COMMUNICATIONS.OPTICAL COMMUNICATIONS.SIGNAL PROCESSING.MATLAB.SIGNAL AND SIGNALING.FREE SPACE OPTICAL INTERCONNECTS

670 ## - SOURCE DATA FOUND

  • Source citation: Work cat.: (NUST): Ghassemlooy, Z , Popoola, W , Rajbhandari, S Allah Nawaz, Mian .Justic 68908, Optical wireless communications , system and channel modelling with matlab, 2013
© 2023 Central Library, National University of Sciences and Technology. All Rights Reserved.